All Roads above 100m in Camden - Statistics

General Stats
  • This quiz has been taken 4 times
  • The average score is 20 of 120
Answer Stats
Elevation Road Name % Correct
Highgate High Street
100%
Cannon Place
67%
Fitzjohns Avenue
67%
Flask Walk
67%
Frognal
67%
Frognal Gardens
67%
Frognal Rise
67%
Frognal Way
67%
Hampstead Grove
67%
Hampstead High Street
67%
Hampstead Lane
67%
Hampstead Square
67%
Hampstead Way
67%
Heath Brow
67%
Heath Street
67%
Spaniards End
67%
140m+ Spaniards Road
67%
West Heath Road
67%
Christchurch Hill
33%
Christchurch Passage
33%
Church Row
33%
East Heath Road
33%
Gainsborough Gardens
33%
Gayton Road
33%
Highgate West Hill
33%
Mount Vernon
33%
New End
33%
New End Square
33%
North End
33%
North End Avenue
33%
North End Way
33%
Pond Square
33%
Redington Gardens
33%
Redington Road
33%
South Grove
33%
Templewood Avenue
33%
Templewood Gardens
33%
The Mount
33%
The Mount Square
33%
Well Road
33%
Well Walk
33%
130-140m Admirals Walk
0%
Arkwright Road
0%
110-120m Back Lane
0%
120-130m Bacons Lane
0%
Bakers Passage
0%
Bisham Gardens
0%
Branch Hill
0%
100-110m Chesterford Gardens
0%
Columbas Drive
0%
Croft Way
0%
East View
0%
Ellerdale Road
0%
Ferncroft Avenue
0%
Firecrest Drive
0%
Fitzroy Park
0%
Gardnor Road
0%
Grange Gardens
0%
Greenhill
0%
Grove Place
0%
Heathside
0%
Heysham Road
0%
Highfields Grove
0%
Hillway
0%
Holford Road
0%
Holly Bush Hill
0%
Holly Bush Vale
0%
Hollycroft Avenue
0%
Holly Hill
0%
Holly Lodge Gardens
0%
Holly Mount
0%
Holly Place
0%
Holly Terrace
0%
Holly Walk
0%
Inverforth Close
0%
Judges Walk
0%
Kidderpore Avenue
0%
Lime Avenue
0%
Lower Terrace
0%
Lutton Terrance
0%
Lyndhurst Terrace
0%
Mansfield Place
0%
Mansion Gardens
0%
Merton Lane
0%
Oakeshott Avenue
0%
Oakhill Avenue
0%
Oak Hill Park
0%
Oak Hill Park Mews
0%
Oak Hill Way
0%
Oriel Place
0%
Parfitt Close
0%
Perrins Court
0%
Perrins Lane
0%
Perrins Walk
0%
Platts Lane
0%
Prince Arthur Road
0%
Robin Grove
0%
Rosecroft Avenue
0%
Sandy Road
0%
Spedan Close
0%
Spencer Walk
0%
Spring Path
0%
Spring Walk
0%
Squires Mount
0%
Streatley Place
0%
Swains Lane
0%
Telegraph Hill
0%
The Grove
0%
Thurlow Road
0%
Upper Hampstead Walk
0%
Upper Terrace
0%
Vale of the Heath
0%
Vane Close
0%
Whitestone Walk
0%
Wildwood Grove
0%
Wildwood Road
0%
Wildwood Terrace
0%
Willow Road
0%
Windmill Hill
0%
Yorkshire Grey Place
0%
No matching quizzes found
Score Distribution
Percent of People with Each Score
Percentile by Number Answered
Your Score History
You have not taken this quiz